01305njm a2200301Ia 450000100060000000300090000600500170001500800410003204000130007304000130008604100130009910000240011210000180013610000380015424500240019225000110021626000110022726000580023830000100029630000300030650001330033650501450046965000520061470000880066670000960075470000850085070000680093580620IT-RoPAU20220918181145.0131025s9999 xx 000 0 und d aIT-RoPAU cIT-RoPAU aITALIANO aFornaciari Zucchero eAutore musica gCodice autore musica SPICS: 10901 aOro incenso & birra a1a ed. aITALIA bPOLYGRAMc1989 [1a Ed.:1989 - Ed. Lingua Orig.: 1989] aDISCO c45 minuti (Testo: 0 pag.) aMusica leggera. Canzone italiana. Cantautore. Il mare impetuoso al tramonto, salì€ sulla luna e dietro una tendina di stelle... aOverdose (d'amore) - Nice (Nietzsche) che dice - Madre dolcissima - Diavolo in me - Iruben me - A Wonderful Worl - Diamante - Libera l'amore aCANTAUTORI [DISCHI]eCodice MATERIA SPICS: 9950 aFornaciari ZuccheroeAutore testo e musicagCodice autore testo/musica SPICS: 10901 aDe Gregori FrancescoeAutore testo/musicagCodice autore testo/musica SPICS: 1251pDiamante aMorricone EnnioeAutore musicagCodice autore musica SPICS: 3535pLibera l'amore aFornaciari ZuccherogCodice interprete SPICS: 10901eInterprete